000 00965nam a22003497a 4500
001 BR8203335
003 BR-BrBNA
005 20230928091332.0
007 ta
008 230509b bl.||||| |||| 00| 0 por d
040 _aBR-BrBNA
_bpor
_cBiblioteca Nacional de Agricultura
041 _a(Por)
072 _aD50; P00
_b/G514
090 _ D50 BR8203335
110 1 _aSecretaria do Planejamento, Ciencia e Tecnologia, Salvador, BA (Brasil). Coordenacao de Recursos Ambientais
_99104
245 1 _aRecursos ambientais, legislacao basica do estado da Bahia [Brasil]
260 3 _aSalvador, BA (Brasil):
_c1982.
300 _a85 p.
650 _aRECURSO NATURAL
650 _aAR
650 _aAGUA
650 _aSOLO
650 _aRESIDUO INDUSTRIAL
650 _aPOLUICAO
650 _aMEIO AMBIENTE
650 _aLEI
650 _aDECRETO
650 _aCONSERVACAO
650 _aBAHIA
909 _a202309
_bLucia
_c55
_dLucia Elande
942 _cBK
999 _c33430
_d33430